00605nam a2200145Ia 4500008004100000020001500041050002000056100003500076245012800111260002100239300002000260500004300280650005800323700007800381120720s9999 xx 000 0 und d a968595206X aPC4112 V47 2004 aVERA ALVAREZ, MARIA DEL CARMEN aESPAÑOL PARA BACHILLERATO / MARIA DEL CARMEN VERA ALVAREZ , JOSE AGUSTIN MORALES LOPEZ ; PORTADA JORGE DANIEL PEREZ LURIA aMéxico : SIENA a255 P. / 28 CM. aTABLA DE CONTENIDO AL FINAL DE LA OBRA aESPAÑOL - ESTUDIO Y ENSEÑANZA \ LENGUA CASTELLANA aMORALES LOPEZ, JOSE AGUSTIN. COAUT. \ PEREZ LURIA, JORGE DANIEL. PORT.Ì